<?xml version="1.0" encoding="UTF-8"?>
<record
    xmlns:xsi="http://www.w3.org/2001/XMLSchema-instance"
    xsi:schemaLocation="http://www.loc.gov/MARC21/slim http://www.loc.gov/standards/marcxml/schema/MARC21slim.xsd"
    xmlns="http://www.loc.gov/MARC21/slim">

  <leader>00373nam a22001217a 4500</leader>
  <datafield tag="040" ind1=" " ind2=" ">
    <subfield code="c">HS</subfield>
  </datafield>
  <datafield tag="082" ind1=" " ind2=" ">
    <subfield code="a">179</subfield>
  </datafield>
  <datafield tag="100" ind1=" " ind2=" ">
    <subfield code="a">&#x17A0;&#x17C1;&#x17A0;&#x17D2;&#x179C;&#x17B8;&#x1780;&#x1780;&#x1798;&#x17D2;&#x1796;&#x17BB;&#x1787;&#x17B6;</subfield>
  </datafield>
  <datafield tag="245" ind1=" " ind2=" ">
    <subfield code="a">&#x1798;&#x1782;&#x17D2;&#x1782;&#x17BB;&#x1791;&#x17D2;&#x1791;&#x17C1;&#x179F;&#x1780;&#x17CD;&#x17A2;&#x17C6;&#x1796;&#x17B8;&#x179F;&#x17BB;&#x1781;&#x17BB;&#x1798;&#x17B6;&#x179B;&#x1797;&#x17B6;&#x1796;&#x179F;&#x178F;&#x17D2;&#x179C;</subfield>
  </datafield>
  <datafield tag="260" ind1=" " ind2=" ">
    <subfield code="a">Cambodia</subfield>
    <subfield code="b">&#x17A0;&#x17C1;&#x17A0;&#x17D2;&#x179C;&#x17B8;&#x1780;&#x1780;&#x1798;&#x17D2;&#x1796;&#x17BB;&#x1787;&#x17B6;</subfield>
    <subfield code="c">2009</subfield>
  </datafield>
  <datafield tag="300" ind1=" " ind2=" ">
    <subfield code="a">16p;</subfield>
  </datafield>
  <datafield tag="942" ind1=" " ind2=" ">
    <subfield code="c">KB</subfield>
  </datafield>
  <datafield tag="999" ind1=" " ind2=" ">
    <subfield code="c">9875</subfield>
    <subfield code="d">9875</subfield>
  </datafield>
  <datafield tag="952" ind1=" " ind2=" ">
    <subfield code="0">0</subfield>
    <subfield code="1">0</subfield>
    <subfield code="4">0</subfield>
    <subfield code="6">179_000000000000000_&#x17A0;&#x17C1;&#x17A0;&#x179C;&#x17B7;&#x1780;&#x1798;&#x1796;&#x17BB;&#x1787;&#x17B6;_2009_C022</subfield>
    <subfield code="7">0</subfield>
    <subfield code="9">52072</subfield>
    <subfield code="a">LBC</subfield>
    <subfield code="b">LBC</subfield>
    <subfield code="c">C022</subfield>
    <subfield code="d">2016-09-14</subfield>
    <subfield code="o">179 &#x17A0;&#x17C1;&#x17A0;&#x17D2;&#x179C;&#x17B7;&#x1780;&#x1798;&#x17D2;&#x1796;&#x17BB;&#x1787;&#x17B6; 2009 C022 </subfield>
    <subfield code="p">A01719</subfield>
    <subfield code="r">2016-09-27</subfield>
    <subfield code="y">KB</subfield>
  </datafield>
</record>
